Root regeneration in balau laut(shorea glauca) and gelam (melaleuca cajuputi) saplings

Bibliographic Details
Main Author: Veronica bt Samion Guanih
Format: Book
Published: Serdang, Selangor : Universiti Pertanian Malaysia , 1997
Subjects:

MARC

LEADER 00000cam a2200000 7i4500
001 0000003851
005 20110725.0
090 0 0 |a R THE 634.97   |b VER 1997 
100 0 0 |a Veronica bt Samion Guanih 
245 0 0 |a Root regeneration in balau laut(shorea glauca) and gelam (melaleuca cajuputi) saplings   |c Veronica bt Samion Guanih 
260 0 0 |a Serdang, Selangor :   |b Universiti Pertanian Malaysia ,   |c 1997 
300 |a xii, 57 p. :   |b .ill ;   |c 30 cm. 
500 0 0 |a Bibliography : p. 44-47 
500 0 0 |a Thesis: Bac. of Forestry Science, Universiti Pertanian Malaysia (1997) 
650 0 0 |a Balau laut (shorea glauca) 
650 0 0 |a Gelam (melaleuca caju puti) 
998 |a JPSM 
999 |a 006538   |b Thesis   |c Reference   |e Default branch